Monitoring Land Subsidence Using Remote Sensing (Record no. 34353)

MARC details
000 -LEADER
fixed length control field 01198nam a2200133Ia 4500
008 - FIXED-LENGTH DATA ELEMENTS--GENERAL INFORMATION
fixed length control field 220620s9999||||xx |||||||||||||| ||und||
020 ## - INTERNATIONAL STANDARD BOOK NUMBER
International Standard Book Number 9783040000000
245 #0 - TITLE STATEMENT
Title Monitoring Land Subsidence Using Remote Sensing
546 ## - LANGUAGE NOTE
Language note English[eng]
650 ## - SUBJECT ADDED ENTRY--TOPICAL TERM
Topical term or geographic name entry element land subsidence||IPTA||land-use||water resource utilization||groundwater change||deformation||geology||Gävle||InSAR||PSI||precise levelling||sentinel-1||subsidence||Sweden||ALOS/PALSAR||time series analysis||SBAS||hot spring water||hydrothermal fluids||Hakone Volcano||satellite geodesy||radar interferometry||persistent scatterers||distributed scatterers||orbit combination||Sentinel-1||cavern field||salt deposit||geophysical modeling||underground gas storage||GNSS||ground movement||subsidence monitoring||integrated numerical simulation||Dubrovnik||satellite altimetry||tide gauges||vertical land motion||DInSAR||mining-induced tremors||land surface deformation||Upper Silesian Coal Basin||Interferometry||SNAP-StaMPS||Ground deformation||Po River Delta||integrated monitoring||time-series analysis||n/a
700 ## - ADDED ENTRY--PERSONAL NAME
Personal name Fabris, Massimo||Cenni, Nicola||Fiaschi, Simone
856 ## - ELECTRONIC LOCATION AND ACCESS
Uniform Resource Identifier <a href="https://mdpi.com/books/pdfview/book/3868">https://mdpi.com/books/pdfview/book/3868</a>
942 ## - ADDED ENTRY ELEMENTS (KOHA)
Koha item type E-Books
Holdings
Withdrawn status Lost status Damaged status Not for loan Home library Current library Date acquired Total Checkouts Date last seen Price effective from Koha item type
        Kerala University of Digital Sciences, Innovation and Technology Knowledge Centre Kerala University of Digital Sciences, Innovation and Technology Knowledge Centre 20/06/2022   20/06/2022 20/06/2022 E-Books